000
00328 a2200109 4500
001
ART_3442
005
20260410161714.0
008
260409a
245
1
0
_a
Flexibilidad automática en la Argentina
100
1
_a
Rezk, Ernesto
773
0
_t
Desarrollo económico
_g
- Vol. 23, Nº 90 (jul./sep. 1983)
_w
REV1174
999
_c
16394
_d
16394